00502nam a2200181 a 450000100060000000300090000600800410001502000140005604000280007008200170009810000220011524500560013726000520019330000080024565000210025365000190027465000270029321664CO-ViMGA141112s2004 ck r 000 u spa d a968167050 aCO-ViMGAbspacCO-ViMGA04a823.91 H679e1 aHorowitz, Anthony10aEl grial Oculto : bUn relato de la Granja Groosham aMexico : bFondo de Cultrua económica, c2003 a16314aGRANJAS - NOVELA14aMAGIA - NOVELA14aNOVELA JUVENIL INGLESA